| 000 | 01172 a2200205 4500 | ||
|---|---|---|---|
| 001 | 39234 | ||
| 005 | 20260407155651.0 | ||
| 008 | 260407a arg spa d | ||
| 003 | AR-UNSa-BCEJYS | ||
| 040 |
_aAR-UNSa-BCEJYS _bspa _cAR-UNSa-BCEJYS |
||
| 080 |
_a658.012.2 _xPlanificación. Programas. Planes. Medidas de apoyo a la planificación( Administración estratégica...) |
||
| 245 | 1 | 0 | _aEstrategias de las empresas multinacionales |
| 264 | 1 |
_aNew York : _bMcGraw-Hill |
|
| 300 |
_a330 p. _c20 cm. |
||
| 505 | _a1. La empresa multinacional - 2. Estructura orgánica de las compañias multinacionales - 3. Planificación estratégicas: procesos, conceptos y formas - 4. Fijación de objetivos: examen gerencial y análisis del ambiente y la competencia - 5. Estrategia de comercialización internacional - 6. Estrategia de producción, logística, tecnológica y de personal - 7. Estrategia financiera - 8. Inversión internacional y estrategias de adquisición - 9. Estrategia de posesión - 10. Control internacional de las estrategia | ||
| 942 | _cBK | ||
| 590 | _aniveau_biblio:m niveau_hierar:0 | ||
| 100 | 1 | _aMarino, Mario A. | |
| 700 | 1 | _aDymsza, William A. | |
| 999 |
_c2983 _d2983 |
||